Govt. of
Madhya Pradesh

जियो शान से 30 दिन मई हासिल करे दिव्या जीवन Megaliving (Record no. 67794)

MARC details
000 -LEADER
fixed length control field 00402nam a22001097a 4500
082 ## - DEWEY DECIMAL CLASSIFICATION NUMBER
Classification number 0080/SHA
100 ## - MAIN ENTRY--AUTHOR NAME
Personal name रॉबिन , शर्मा
245 ## - TITLE STATEMENT
Title जियो शान से 30 दिन मई हासिल करे दिव्या जीवन Megaliving
260 ## - PUBLICATION, DISTRIBUTION, ETC. (IMPRINT)
Place of publication Mumbai
Name of publisher Jaico
Year of publication 2024
650 ## - SUBJECT ADDED ENTRY--TOPICAL TERM
Topical Term व्यक्तित्व विकास
942 ## - ADDED ENTRY ELEMENTS (KOHA)
Koha item type Hindi Books
Holdings
Withdrawn status Lost status Damaged status Not for loan Home library Current library Date acquired Cost, normal purchase price Full call number Accession Number Price effective from Koha item type
        MACL MACL 07/11/2024 199.00 0080/SHA DPI003124 07/11/2024 Hindi Books